Les 33 degrés de la Franc-maçonnerie en mort subite - Statistiques

Statistiques générales
  • Ce quiz a été pris 38 fois
  • Le résultat moyen est 13 sur 33
Answers on the Grid
Answers color-coded by a green-red scale on the quiz's grid according to % correct below.
Apprenti
Compagnon
Maître
Maître Secret
Maître Parfait
Secrétaire Intime
Prévôt et Juge
Intendant des Bâtiments
Maître Élu des Neuf
Illustre Élu des Quinze
Sublime Chevalier Élu
Grand Maître Architecte
Chevalier de Royal Arche
Grand Élu Parfait et Sublime maçon ou Grand Élu de la Voûte Sacrée
Chevalier d'Orient ou de l'Épée
Prince de Jérusalem
Chevalier d'Orient et d'Occident
Souverain Prince Chevalier Rose + Croix
Grand Pontife
Maître Ad Vitam
Chevalier Prussien
Prince du Liban
Chef du Tabernacle
Prince du Tabernacle
Chevalier du Serpent d'Airain
Prince de Mercy
Grand Commandeur du Temple
Chevalier du Soleil
Grand Écossais de Saint-André d'Écosse
Chevalier Kadosh
Grand Inspecteur Inquisiteur
Sublime Prince du Royal Secret
Souverain Grand Inspecteur Général
Vénérable Tisseur des Symboles Perdus
Grand Chancelier du Feu Secret
Custode de la Chambre Silencieuse
 
Statistiques - réponses
Réponse % Correct
3 Maître
68%
1 Apprenti
64%
2 Compagnon
59%
29 Grand Écossais de Saint-André d'Écosse
55%
17 Chevalier d'Orient et d'Occident
50%
30 Chevalier Kadosh
50%
14 Grand Élu Parfait et Sublime maçon ou Grand Élu de la Voûte Sacrée
50%
5 Maître Parfait
50%
12 Grand Maître Architecte
45%
8 Intendant des Bâtiments
45%
7 Prévôt et Juge
45%
18 Souverain Prince Chevalier Rose + Croix
45%
32 Sublime Prince du Royal Secret
45%
15 Chevalier d'Orient ou de l'Épée
41%
28 Chevalier du Soleil
41%
21 Chevalier Prussien
41%
4 Maître Secret
41%
31 Grand Inspecteur Inquisiteur
36%
19 Grand Pontife
36%
16 Prince de Jérusalem
36%
23 Chef du Tabernacle
32%
13 Chevalier de Royal Arche
32%
27 Grand Commandeur du Temple
32%
10 Illustre Élu des Quinze
32%
9 Maître Élu des Neuf
32%
26 Prince de Mercy
32%
22 Prince du Liban
32%
33 Souverain Grand Inspecteur Général
32%
25 Chevalier du Serpent d'Airain
27%
24 Prince du Tabernacle
27%
11 Sublime Chevalier Élu
27%
6 Secrétaire Intime
23%
20 Maître Ad Vitam
14%
Aucun quiz correspondant
Distribution des résultats
% des personnes avec chaque résultat
Percentile par nombre de réponses
Votre historique - résultats
Vous n’avez pas pris ce quiz